The Alchemy (Lyrics)- Taylor Swift - Statistics

General Stats
  • This quiz has been taken 32 times
  • The average score is 323 of 360
Answer Stats
Answer % Correct
a
100%
an
100%
and
100%
Call
100%
call
100%
cut
100%
down
100%
"E"
100%
'em
100%
from
100%
I
100%
me
100%
on
100%
team
100%
The
100%
the
100%
to
100%
who
100%
amateurs
96%
be
96%
come
96%
He
96%
I'm
96%
in
96%
touch
96%
when
96%
where
96%
win
96%
alchemy?
91%
alchemy
91%
are
91%
But
91%
but
91%
chemicals
91%
ever
91%
every
91%
few
91%
fight
91%
happens
91%
heart
91%
hit
91%
if
91%
lifetimes
91%
like
91%
once
91%
one
91%
over
91%
Said
91%
said
91%
sign
91%
so
91%
So
91%
that
91%
That
91%
These
91%
This
91%
this
91%
told
91%
we
91%
What
91%
what
91%
Where's
91%
you
91%
around
87%
back?
87%
back
87%
chance
87%
coming
87%
crown
87%
for
87%
greatest
87%
haven't
87%
heroin
87%
it's
87%
jokes
87%
long
87%
reserved
87%
runnin'
87%
sleep
87%
still
87%
time
87%
was
87%
white
87%
wine
87%
with
87%
your
87%
Baby
83%
belong
83%
'Cause
83%
'cause
83%
comes
83%
drag
83%
had
83%
heads
83%
Honestly
83%
hospital
83%
just
83%
league"
83%
no
83%
strong
83%
their
83%
trophy?
83%
trying
83%
we're
83%
Worst
83%
benches
78%
Ditch
78%
get
78%
Hey
78%
lift
78%
"There
78%
up
78%
beat
74%
been
74%
circled
74%
comeback
74%
cool?
74%
friends
74%
Is
74%
making
74%
map
74%
my
74%
play
74%
rule
74%
school
74%
they
74%
We've
74%
Beer
70%
child's
70%
clowns
70%
off
70%
Shirts
70%
streak
70%
under
70%
warm
70%
cheers
65%
floor
65%
forgiven
65%
stickin'
65%
winning
65%
blokes
48%
chanted
48%
Touchdown
39%
No matching quizzes found
Score Distribution
Percent of People with Each Score
Percentile by Number Answered
Your Score History
You have not taken this quiz